[Event "Landsturneringen 2023 - Klasse 4"]
[Site "Oslo NOR"]
[Date "2023.07.05"]
[Round "6"]
[White "Hrituleac, Paul"]
[Black "Skotheim, Håvard"]
[Result "1/2-1/2"]
[WhiteElo "1254"]
[BlackElo "1317"]
[PlyCount "96"]
[EventDate "2023.07.01"]

1. d4 Nf6 2. c4 c5 3. Nf3 cxd4 4. Nxd4 d6 5. Nc3 e5 6. Nf3 Be7 7. e3 O-O 8. b3 Nc6 9. Be2 a6 10. Bb2 Rb8 11. O-O Re8 12. Qd2 Bf8 13. Rad1 b6 14. Qc2 e4 15. Ng5 Bf5 16. f3 exf3 17. Qxf5 fxe2 18. Nxe2 Ne5 19. Nd4 h6 20. Ngf3 g6 21. Qh3 Qd7 22. Qxd7 Nxf3+ 23. Rxf3 Nxd7 24. Nc6 Rbc8 25. Nb4 a5 26. Nd5 Rb8 27. Bd4 Rb7 28. g4 b5 29. cxb5 Bg7 30. Bxg7 Kxg7 31. a4 Ne5 32. Rg3 Nd7 33. b4 axb4 34. Nxb4 Re4 35. Rd4 Nc5 36. Rxe4 Nxe4 37. Rg2 Nc3 38. Rd2 Nxa4 39. Rxd6 Rxb5 40. Nd5 Rb1+ 41. Kg2 Rb2+ 42. Kg3 Re2 43. Rd7 Nc5 44. Ra7 Nd3 45. h3 Ne5 46. Kf4 Nc4 47. Kf3 Rd2 48. Nf4 Rd6 1/2-1/2

[Event "Landsturneringen 2023 - Senior 50"]
[Site "Oslo NOR"]
[Date "2023.07.01"]
[Round "1"]
[White "Thorgersen, Trond M"]
[Black "Kielland-Lund, Jon"]
[Result "1-0"]
[WhiteElo "2105"]
[BlackElo "1728"]
[PlyCount "45"]
[EventDate "2023.07.01"]

1. e4 c6 2. c4 d5 3. exd5 cxd5 4. cxd5 Nf6 5. Bb5+ Nbd7 6. Nc3 a6 7. Qa4 Rb8 8. Bxd7+ Bxd7 9. Qb3 b5 10. d3 Bf5 11. Bf4 Rb7 12. Nf3 Bxd3 13. Ne5 Bf5 14. O-O e6 15. Rfd1 exd5 16. Nxd5 Be6 17. Nc6 Bxd5 18. Qe3+ Qe7 19. Nxe7 Bxe7 20. Bg5 Be6 21. Qf3 Rc7 22. Qa8+ Rc8 23. Qxa6 1-0

[Event "Landsturneringen 2023 - Senior 50"]
[Site "Oslo NOR"]
[Date "2023.07.01"]
[Round "1"]
[White "Lange, Holger"]
[Black "Støre, Trond"]
[Result "0-1"]
[WhiteElo "1726"]
[BlackElo "2041"]
[PlyCount "218"]
[EventDate "2023.07.01"]

1. e4 c5 2. Nf3 d6 3. d4 cxd4 4. Nxd4 Nf6 5. Nc3 a6 6. Be2 e5 7. Nb3 Be7 8. O-O O-O 9. Be3 Be6 10. f3 Nbd7 11. Qe1 Rc8 12. Rd1 Qc7 13. Qf2 Rfe8 14. Rd2 Nc5 15. Rfd1 b5 16. Nxc5 dxc5 17. Nd5 Bxd5 18. exd5 Bd6 19. c4 b4 20. Bg5 e4 21. Qh4 Nd7 22. fxe4 Ne5 23. Bd3 f6 24. Be3 Re7 25. Re2 Rce8 26. Bc1 Ng6 27. Qh3 Ne5 28. Qh4 Qd7 29. b3 Ng6 30. Qf2 Qc7 31. g3 Ne5 32. Bb1 Qd7 33. Qg2 Qg4 34. Rf1 Nf7 35. Bf4 Be5 36. Qf3 Qc8 37. Rd1 Nd6 38. Rde1 Qc7 39. Be3 Bc3 40. Bd2 Be5 41. Kg2 Nf7 42. Bf4 Qd7 43. Be3 Bd6 44. Qf2 Qc7 45. Qf5 Ne5 46. Bd2 Ng6 47. Qf2 Qd7 48. Be3 Rc8 49. Bd2 Qg4 50. Kh1 Rce8 51. Be3 Qc8 52. Bd2 Qc7 53. Kg2 Ne5 54. Bf4 Nf7 55. Bd2 Be5 56. Be3 Rc8 57. Bc2 Nd6 58. Qf3 Bc3 59. Bd2 Bxd2 60. Rxd2 Rce8 61. Rde2 Re5 62. Bb1 Qe7 63. Bd3 Nf7 64. Qf4 Qd7 65. Qf2 Qd6 66. Rf1 Ng5 67. Rfe1 R8e7 68. h4 Nf7 69. Rf1 Re8 70. Qf4 Qe7 71. g4 Nh8 72. Qg3 Nf7 73. Rf5 Qd7 74. Ref2 R5e7 75. Re2 Nd6 76. Rf4 Re5 77. Qf3 h6 78. Qf2 Qc7 79. Qg3 Nf7 80. Rf5 Qe7 81. Qf3 Qd7 82. Rf4 Nh8 83. Qg3 Ng6 84. Rf3 Qe7 85. Kh3 Nf8 86. Qf2 Nd7 87. Rf5 Qd6 88. Qg3 Qe7 89. Rf3 Nf8 90. Qf2 Ng6 91. Rf5 Qd6 92. Qg3 Qd7 93. Rf3 h5 94. Rf5 hxg4+ 95. Qxg4 Rxf5 96. exf5 Rxe2 97. Bxe2 Ne5 98. Qe4 Qd6 99. Bf1 Kf8 100. Bg2 Kf7 101. Qe2 Kf8 102. Qh5 Nf7 103. Qe2 Qf4 104. Qe4 Qd2 105. Bf3 Ne5 106. Bg2 Ke7 107. Kg3 Kd6 108. Bf3 Qxa2 109. Bd1 Qd2 0-1

[Event "Landsturneringen 2023 - Senior 50"]
[Site "Oslo NOR"]
[Date "2023.07.02"]
[Round "2"]
[White "Hageland, Harald"]
[Black "Lange, Holger"]
[Result "0-1"]
[WhiteElo "1643"]
[BlackElo "1726"]
[PlyCount "86"]

1. c4 e5 2. Nc3 Nf6 3. g3 d5 4. Bg2 c6 5. cxd5 cxd5 6. d3 d4 7. Ne4 Bb4+ 8. Bd2
Bxd2+ 9. Nxd2 O-O 10. Ngf3 Nc6 11. Nc4 Re8 12. O-O Bf5 13. Nh4 Bd7 14. Nf3 Qe7
15. e4 Rac8 16. Rc1 b5 17. Ncd2 Nb4 18. a3 Nxd3 19. Rxc8 Rxc8 20. Qb1 Nc5 21.
Ne1 Bc6 22. f3 Nfd7 23. Nd3 Nxd3 24. Qxd3 Qc5 25. Kh1 Bb7 26. Bh3 Rc7 27. Nb3
Qb6 28. Bxd7 Rxd7 29. Rc1 h6 30. Rc5 Ba6 31. Rxe5 b4 32. Qd1 bxa3 33. bxa3 Bc4
34. Nc5 Rd8 35. Nd3 Qa6 36. Nb4 Qxa3 37. Nc6 Rd7 38. Re8+ Kh7 39. Ne5 Bb3 40.
Qd3 Qc1+ 41. Kg2 Qb2+ 42. Kh3 Rc7 43. Rb8 Be6+ 0-1

[Event "Landsturneringen 2023 - Senior 50"]
[Site "Oslo NOR"]
[Date "2023.07.03"]
[Round "3"]
[White "Lange, Holger"]
[Black "Eriksen, Tom Georg"]
[Result "1-0"]
[WhiteElo "1726"]
[BlackElo "1521"]
[PlyCount "69"]

1. e4 c5 2. Nf3 Nc6 3. d4 cxd4 4. Nxd4 a6 5. c4 d6 6. Nc3 Nf6 7. Be2 e6 8. O-O
Be7 9. Be3 O-O 10. Qd2 Qc7 11. Rac1 Bd7 12. f3 Rac8 13. Rfd1 Rfd8 14. Bf1 Nxd4
15. Bxd4 Bc6 16. Qf2 Rd7 17. Nd5 exd5 18. cxd5 Qa5 19. dxc6 bxc6 20. g3 c5 21.
Bh3 Rdd8 22. Bc3 Qxa2 23. Bxc8 Rxc8 24. Ra1 Qb3 25. Qe2 Rc6 26. Ra3 Qb7 27.
Rda1 c4 28. Ra4 d5 29. exd5 Nxd5 30. Bd4 Nb4 31. Rc1 Re6 32. Qxc4 Qb5 33. Qxb5
axb5 34. Ra8+ Bf8 35. Bc5 1-0

[Event "Landsturneringen 2023 - Senior 50"]
[Site "Oslo NOR"]
[Date "2023.07.03"]
[Round "4"]
[White "Sørgjerd, Jan"]
[Black "Lange, Holger"]
[Result "1/2-1/2"]
[WhiteElo "1986"]
[BlackElo "1726"]
[PlyCount "115"]

1. d4 Nf6 2. Nf3 e6 3. c4 d5 4. Nc3 c5 5. e3 Nc6 6. dxc5 Bxc5 7. a3 dxc4 8. Qa4
O-O 9. Qxc4 Be7 10. b4 Bd7 11. Bb2 Rc8 12. Qb3 Qb6 13. Bd3 Rfd8 14. O-O Na5 15.
Qa2 Nc6 16. Rfd1 a6 17. Rac1 Be8 18. h3 Qa7 19. Qa1 Qb8 20. Ne4 Nxe4 21. Bxe4
f6 22. Qb1 g6 23. Qa2 Bf7 24. Qa1 e5 25. g4 Be6 26. Kg2 Rxd1 27. Rxd1 Rd8 28.
Qb1 Kf7 29. Rxd8 Nxd8 30. g5 Qd6 31. gxf6 Bxf6 32. Qc2 Ke7 33. Qc5 Qxc5 34.
bxc5 Bf5 35. Bxf5 gxf5 36. Bxe5 Bxe5 37. Nxe5 Ke6 38. Nc4 Nf7 39. Na5 Nd8 40.
Kg3 Ke5 41. f3 Kf6 42. e4 fxe4 43. fxe4 Ke5 44. Kf3 Kd4 45. Nxb7 Nxb7 46. c6
Nd6 47. c7 Ke5 48. Kg4 Kxe4 49. Kg5 Ke5 50. Kh6 Nc8 51. Kxh7 Kd6 52. Kg7 Kxc7
53. h4 Kd7 54. h5 Nd6 55. Kf6 Ne8+ 56. Ke5 Nd6 57. Kf6 Ne8+ 58. Ke5 1/2-1/2

[Event "Landsturneringen 2023 - Senior 50"]
[Site "Oslo NOR"]
[Date "2023.07.04"]
[Round "5"]
[White "Lange, Holger"]
[Black "Johansen, Lars"]
[Result "1/2-1/2"]
[WhiteElo "1726"]
[BlackElo "1864"]
[PlyCount "64"]

1. e4 e5 2. Nf3 Nc6 3. d4 exd4 4. Bc4 Nf6 5. Ng5 d5 6. exd5 Ne5 7. Qxd4 Nxc4 8.
Qxc4 Qxd5 9. Qe2+ Be6 10. O-O O-O-O 11. Nc3 Qc6 12. Nxe6 fxe6 13. Re1 Kb8 14.
Bg5 Re8 15. Nb5 Bc5 16. Rad1 Rhf8 17. Nd4 Qb6 18. c3 e5 19. Nb3 Bxf2+ 20. Qxf2
Qxf2+ 21. Kxf2 Ne4+ 22. Kg1 Nxg5 23. Rd5 Nf7 24. Nc5 Kc8 25. Rf1 Nd6 26. Rxf8
Rxf8 27. Rxe5 b6 28. Nd3 Kd7 29. Re2 c5 30. Ne5+ Kc7 31. Nf3 Re8 32. Rxe8 Nxe8
1/2-1/2

[Event "Landsturneringen 2023 - Senior 50"]
[Site "Oslo NOR"]
[Date "2023.07.05"]
[Round "6"]
[White "Sjøbrend, Kjell"]
[Black "Lange, Holger"]
[Result "1/2-1/2"]
[WhiteElo "1845"]
[BlackElo "1726"]
[PlyCount "49"]

1. e4 Nf6 2. e5 Nd5 3. d4 d6 4. Nf3 Bg4 5. Be2 e6 6. c4 Nb6 7. exd6 cxd6 8. h3
Bh5 9. O-O Be7 10. Nc3 O-O 11. Be3 Nc6 12. b3 Rc8 13. Rc1 d5 14. c5 Nd7 15. a3
b6 16. b4 bxc5 17. bxc5 Qa5 18. a4 Bf6 19. Nb5 Be7 20. Bf4 Bxf3 21. Bxf3 Nf6
22. Re1 Ne8 23. Bd2 Qd8 24. Bf4 Qa5 25. Bd2 1/2-1/2

[Event "Landsturneringen 2023 - Senior 50"]
[Site "Oslo NOR"]
[Date "2023.07.06"]
[Round "7"]
[White "Lange, Holger"]
[Black "Stubrud, Jan Magne"]
[Result "1-0"]
[WhiteElo "1726"]
[BlackElo "1612"]
[PlyCount "41"]

1. e4 e6 2. d4 d5 3. exd5 exd5 4. Bd3 Nc6 5. Nf3 Bd6 6. O-O Bg4 7. c3 Nge7 8.
Be3 Qd7 9. Nbd2 O-O-O 10. Re1 f5 11. Bg5 h6 12. Bxe7 Nxe7 13. Qc2 Kb8 14. Ne5
Bxe5 15. Rxe5 g6 16. f3 Bh5 17. Nb3 b6 18. Rae1 Rhe8 19. Qe2 g5 20. Rxe7 Qa4
21. Bb5 1-0

[Event "Landsturneringen 2023 - Senior 50"]
[Site "Oslo NOR"]
[Date "2023.07.07"]
[Round "8"]
[White "Levang, Paal Kristian"]
[Black "Lange, Holger"]
[Result "1-0"]
[WhiteElo "1972"]
[BlackElo "1726"]
[PlyCount "113"]

1. c4 e5 2. g3 g6 3. Bg2 Bg7 4. d3 c6 5. a4 a5 6. Na3 Ne7 7. Nf3 d5 8. O-O O-O
9. e4 dxe4 10. dxe4 Na6 11. Bg5 Qc7 12. Qe2 Be6 13. Rac1 Nc5 14. Qc2 Rad8 15.
Be3 Nd3 16. Rcd1 Nb4 17. Qc3 b6 18. c5 bxc5 19. Bxc5 Qb7 20. Ng5 Bg4 21. f3 Bc8
22. Qc4 Rxd1 23. Rxd1 h6 24. Nh3 Be6 25. Qc3 Re8 26. Nc4 Na2 27. Qc2 Bxc4 28.
Qxc4 Qxb2 29. Nf2 Qc3 30. Bf1 Qxc4 31. Bxc4 Nb4 32. Rd7 Bf6 33. Ng4 Kg7 34. f4
exf4 35. Nxf6 Kxf6 36. e5+ Kxe5 37. Bxe7 fxg3 38. hxg3 f5 39. Bf7 Rc8 40. Bxg6
Ke6 41. Ra7 Nd5 42. Bc5 Kf6 43. Bh5 Kg5 44. Bf3 f4 45. g4 Kh4 46. Kh2 Rb8 47.
Bf2+ Kg5 48. Rxa5 Rd8 49. Rc5 Rd6 50. a5 Kf6 51. a6 Nc7 52. a7 Ke6 53. Bxc6 Rd2
54. Kg1 Rd1+ 55. Kg2 Ra1 56. Bf3 Kd7 57. Rh5 1-0

[Event "Landsturneringen 2023 - Senior 50"]
[Site "Oslo NOR"]
[Date "2023.07.08"]
[Round "9"]
[White "Lange, Holger"]
[Black "Ali, Karim"]
[Result "0-1"]
[WhiteElo "1726"]
[BlackElo "1771"]
[PlyCount "78"]

1. e4 e6 2. d4 d5 3. exd5 exd5 4. Bd3 Bd6 5. Nf3 Ne7 6. O-O Bf5 7. Re1 O-O 8.
Bg5 f6 9. Bh4 Bxd3 10. Qxd3 Ng6 11. Bg3 Bxg3 12. hxg3 c6 13. Nbd2 Nd7 14. b3
Qa5 15. Nh4 Nxh4 16. gxh4 Rfe8 17. a4 Nf8 18. Nf3 Qb4 19. Rab1 Kf7 20. c3 Rxe1+
21. Nxe1 Qd6 22. g3 Re8 23. Ng2 Re4 24. Ne3 g6 25. Kg2 Ne6 26. f3 Rxh4 27. Ng4
Rh5 28. Qe3 Rg5 29. Re1 h5 30. Nh6+ Kg7 31. f4 Nxf4+ 32. Kf3 Nd3 33. Rg1 Kxh6
34. Qxd3 Qe6 35. Kf2 Rf5+ 36. Kg2 Qe4+ 37. Qxe4 dxe4 38. Re1 Rf3 39. Rc1 Kg5
0-1

[Event "Landsturneringen 2023 - Senior B"]
[Site "Oslo NOR"]
[Date "2023.07.01"]
[Round "1"]
[White "Thowsen, Alf Geir"]
[Black "Sivertsen, Stein Å"]
[Result "0-1"]
[WhiteElo "1352"]
[BlackElo "1516"]
[PlyCount "72"]
[EventDate "2023.07.01"]

1. d4 d5 2. c4 e6 3. Nc3 f5 4. Nf3 Nf6 5. a3 c6 6. e3 Bd6 7. Bd3 O-O 8. O-O Qe7 9. Ne5 Nbd7 10. f4 Ne4 11. Qe1 Ndf6 12. c5 Bc7 13. b4 Nd7 14. Bb2 Nxe5 15. dxe5 b6 16. cxb6 axb6 17. Rc1 Bb7 18. Qe2 Rfc8 19. Rc2 Bd8 20. Rf3 Nxc3 21. Rxc3 c5 22. bxc5 bxc5 23. Rh3 c4 24. Bb1 Ba5 25. Rc1 Ba6 26. Bc3 Qxa3 27. Bb2 Qe7 28. Bc3 Bxc3 29. Rxc3 Qb4 30. Qe1 Rcb8 31. Bc2 Bb5 32. g4 Ra3 33. Qh4 h6 34. gxf5 Ra1+ 35. Kf2 Qxc3 36. Rg3 Qxc2+ 0-1

[Event "Landsturneringen 2023 - Senior B"]
[Site "Oslo NOR"]
[Date "2023.07.02"]
[Round "2"]
[White "Stærli, Atle"]
[Black "Thowsen, Alf Geir"]
[Result "1-0"]
[WhiteElo "1471"]
[BlackElo "1352"]
[PlyCount "83"]
[EventDate "2023.07.01"]

1. d4 Nf6 2. c4 e6 3. Nf3 Nc6 4. a3 h6 5. Nc3 b6 6. d5 Ne7 7. e4 exd5 8. cxd5 d6 9. Bb5+ Bd7 10. Qc2 a6 11. Bxd7+ Qxd7 12. O-O Ng6 13. Re1 Ne5 14. Nd4 c5 15. Nf5 g6 16. Ng3 g5 17. Na4 Rb8 18. Nf5 Rg8 19. Nc3 Be7 20. Nxh6 Rg6 21. Nf5 Nh5 22. Qd1 Ng7 23. Nxg7+ Rxg7 24. Qh5 Qg4 25. Qxg4 Nxg4 26. h3 Ne5 27. Re3 Kd7 28. Rg3 Rbg8 29. f4 gxf4 30. Rxg7 Rxg7 31. Bxf4 Bh4 32. Bxe5 dxe5 33. Rf1 Rg3 34. Rxf7+ Kd6 35. Rf1 Re3 36. Rf3 Re1+ 37. Rf1 Re3 38. Rf3 Re1+ 39. Kh2 Rc1 40. Re3 Rc2 41. Re2 Rxe2 42. Nxe2 1-0

[Event "Landsturneringen 2023 - Senior B"]
[Site "Oslo NOR"]
[Date "2023.07.03"]
[Round "3"]
[White "Thowsen, Alf Geir"]
[Black "Holter, Dag Wernø"]
[Result "1-0"]
[WhiteElo "1352"]
[BlackElo "1401"]
[PlyCount "61"]
[EventDate "2023.07.01"]

1. d4 d5 2. c4 e5 3. dxe5 d4 4. Nf3 Nc6 5. a3 a5 6. g3 Bc5 7. Nbd2 Nge7 8. Ne4 h6 9. Nxc5 Bg4 10. Nd3 Ng6 11. Bg2 O-O 12. O-O Re8 13. Re1 Re6 14. Nc5 Ngxe5 15. Nxe6 Nxf3+ 16. Bxf3 Bxe6 17. Qc2 Qf6 18. Bd2 Ne5 19. Bg2 Rd8 20. Rad1 d3 21. exd3 Nxd3 22. Re2 Nxb2 23. Rb1 Bxc4 24. Rxb2 Bxe2 25. Bc3 Rd1+ 26. Qxd1 Qxc3 27. Qxe2 Qxa3 28. Bxb7 Qa1+ 29. Kg2 a4 30. Be4 a3 31. Rb8# 1-0

[Event "Landsturneringen 2023 - Senior B"]
[Site "Oslo NOR"]
[Date "2023.07.03"]
[Round "4"]
[White "Andresen, Frank"]
[Black "Thowsen, Alf Geir"]
[Result "0-1"]
[WhiteElo "1073"]
[BlackElo "1352"]
[PlyCount "86"]
[EventDate "2023.07.01"]

1. d4 Nf6 2. c4 e6 3. Nc3 Bb4 4. Qc2 c5 5. a3 Qa5 6. Bd2 Nc6 7. dxc5 Bxc3 8. Bxc3 Qxc5 9. Bb4 Nxb4 10. Qb3 Nc6 11. e3 Qa5+ 12. Qc3 Qxc3+ 13. bxc3 b6 14. Bd3 Ba6 15. f3 Ne5 16. Rd1 Bxc4 17. Bxc4 Nxc4 18. Ke2 O-O 19. Nh3 Rac8 20. g4 Rfd8 21. Nf4 g5 22. Nh5 Nxh5 23. gxh5 h6 24. Rhg1 f6 25. h4 Kf7 26. Rg4 Ne5 27. Re4 Rc4 28. hxg5 Rxe4 29. fxe4 fxg5 30. Rf1+ Kg7 31. a4 Rc8 32. Kd2 Rc4 33. Ra1 Rxe4 34. a5 b5 35. a6 Ra4 36. Rb1 Rxa6 37. Rxb5 Nf7 38. Rb7 Rd6+ 39. Kc2 a6 40. c4 Ne5 41. Kb3 Rd3+ 42. Kb4 Rxe3 43. Ra7 Nc6+ 0-1

[Event "Landsturneringen 2023 - Senior B"]
[Site "Oslo NOR"]
[Date "2023.07.04"]
[Round "5"]
[White "Thowsen, Alf Geir"]
[Black "Martinsen, Vegard"]
[Result "0-1"]
[WhiteElo "1352"]
[BlackElo "1511"]
[PlyCount "38"]
[EventDate "2023.07.01"]

1. d4 d5 2. c4 e5 3. dxe5 d4 4. Nf3 Nc6 5. a3 Nge7 6. Nbd2 Ng6 7. Nb3 Be6 8. e4 dxe3 9. Bxe3 Ngxe5 10. Nxe5 Nxe5 11. Qc2 Qf6 12. Nc5 Bxc5 13. Bxc5 Bf5 14. Qc3 Rd8 15. Bd4 Rxd4 16. Be2 Nd3+ 17. Kf1 Nxb2 18. Re1 Re4 19. f3 Qxc3 0-1

[Event "Landsturneringen 2023 - Senior B"]
[Site "Oslo NOR"]
[Date "2023.07.06"]
[Round "7"]
[White "Thowsen, Alf Geir"]
[Black "Lillebø, Håkon"]
[Result "0-1"]
[WhiteElo "1352"]
[BlackElo "1581"]
[PlyCount "84"]
[EventDate "2023.07.01"]

1. d4 d5 2. c4 dxc4 3. Nc3 e5 4. dxe5 Qxd1+ 5. Nxd1 Nc6 6. Nf3 g6 7. Bf4 Bg7 8. Nc3 a6 9. e3 b5 10. Nd5 Ra7 11. Be2 Bg4 12. Nc3 Bxf3 13. Bxf3 Nxe5 14. Bxe5 Bxe5 15. Bc6+ Kf8 16. a3 Ne7 17. Bf3 c6 18. O-O Bxc3 19. bxc3 Nd5 20. Rfc1 Ke7 21. a4 Rd8 22. e4 Nf4 23. g3 Nd3 24. Rd1 Nb2 25. Rxd8 Kxd8 26. axb5 cxb5 27. Bg4 Na4 28. Rc1 Kc7 29. Kf1 Nb2 30. Be2 a5 31. Rc2 Na4 32. Ke1 Kc6 33. Kd1 Nc5 34. f3 Rd7+ 35. Rd2 Rxd2+ 36. Kxd2 Nb3+ 37. Kc2 Kc5 38. f4 a4 39. Kb2 b4 40. cxb4+ Kxb4 41. g4 a3+ 42. Ka2 Nc1+ 0-1

[Event "Landsturneringen 2023 - Senior B"]
[Site "Oslo NOR"]
[Date "2023.07.07"]
[Round "8"]
[White "Guerrero, Ruben Hector D."]
[Black "Thowsen, Alf Geir"]
[Result "1-0"]
[WhiteElo "1274"]
[BlackElo "1352"]
[PlyCount "43"]
[EventDate "2023.07.01"]

1. e4 e6 2. Nf3 d5 3. Nc3 dxe4 4. Nxe4 h6 5. b3 Nf6 6. Bd3 Nbd7 7. Bb2 b6 8. Nxf6+ Nxf6 9. O-O Bb7 10. Re1 Be7 11. Ne5 Rg8 12. Bb5+ Kf8 13. Nc6 Qd5 14. c4 Qg5 15. Re5 Qg6 16. Re3 Bd6 17. Qf1 Qg5 18. Ne5 Bxe5 19. Bxe5 Ng4 20. Bxc7 Nxe3 21. Bd6+ Qe7 22. Bxe7+ 1-0

[Event "Landsturneringen 2023 - Senior B"]
[Site "Oslo NOR"]
[Date "2023.07.08"]
[Round "9"]
[White "Thowsen, Alf Geir"]
[Black "Tønsager, Morten"]
[Result "1-0"]
[WhiteElo "1352"]
[BlackElo "1188"]
[PlyCount "91"]
[EventDate "2023.07.01"]

1. d4 e6 2. c4 f5 3. Nc3 Nf6 4. Nf3 d6 5. Bg5 Be7 6. e3 a6 7. Bd3 O-O 8. O-O Qe8 9. Bf4 Qh5 10. Ng5 Qxd1 11. Raxd1 h6 12. Nf3 b6 13. Nh4 Kh7 14. Nf3 Bb7 15. Bc2 Bxf3 16. gxf3 Nh5 17. Bg3 Nd7 18. e4 f4 19. e5+ Kh8 20. exd6 Bxd6 21. Bg6 fxg3 22. Bxh5 gxh2+ 23. Kh1 Kh7 24. Ne4 Bf4 25. Ng3 Rad8 26. Kxh2 Nf6 27. Bg4 Nxg4+ 28. fxg4 Rd7 29. Kg2 Bxg3 30. Kxg3 Rfd8 31. Rfe1 c5 32. Rxe6 Rd6 33. Rxd6 Rxd6 34. d5 g5 35. Re1 Kg6 36. f4 gxf4+ 37. Kxf4 Rf6+ 38. Kg3 a5 39. a4 Rd6 40. Re6+ Rxe6 41. dxe6 Kf6 42. Kh4 Kxe6 43. Kh5 Kf7 44. Kxh6 Kg8 45. Kg6 Kh8 46. Kf7 1-0

[Event "Landsturneringen 2023 - Miniputt"]
[Site "Oslo NOR"]
[Date "2023.07.01"]
[Round "1"]
[White "Elsness, Fredrik"]
[Black "Hrituleac, Kosta"]
[Result "1-0"]
[WhiteElo "1578"]
[BlackElo "1177"]
[PlyCount "84"]
[EventDate "2023.07.01"]

1. e4 e6 2. d4 d5 3. e5 c5 4. c3 Qb6 5. Nf3 Nc6 6. Be2 cxd4 7. cxd4 Nge7 8. Na3 a6 9. O-O Nf5 10. Nc2 Be7 11. b3 O-O 12. Bd3 Kh8 13. Bxf5 exf5 14. Be3 f4 15. Bxf4 Bg4 16. Be3 f6 17. exf6 Bxf6 18. Nce1 Ne7 19. Qd2 Bd7 20. Nd3 Nc6 21. Nde5 Bxe5 22. Nxe5 Nxe5 23. dxe5 Qg6 24. f3 Rac8 25. Rac1 Bf5 26. Qxd5 Bh3 27. Qd2 Rcd8 28. Qf2 Rde8 29. Kh1 Bf5 30. Bd4 Rc8 31. Qg3 Qh6 32. f4 Rcd8 33. Bc5 Rd3 34. Qg5 Qxg5 35. fxg5 Rf7 36. e6 Bxe6 37. Rfe1 Bd7 38. Bd6 Bc6 39. Rxc6 g6 40. Be5+ Kg8 41. Rc8+ Rf8 42. Rxf8+ Kxf8 1-0

[Event "Landsturneringen 2023 - Miniputt"]
[Site "Oslo NOR"]
[Date "2023.07.07"]
[Round "8"]
[White "Hrituleac, Kosta"]
[Black "Storozhenko, Volodymyr"]
[Result "0-1"]
[WhiteElo "1177"]
[BlackElo "1242"]
[PlyCount "72"]
[EventDate "2023.07.01"]

1. d4 d5 2. c4 c6 3. Nf3 g6 4. e3 Nf6 5. cxd5 cxd5 6. Bd3 Bg7 7. O-O O-O 8. Nbd2 Bg4 9. b3 Nc6 10. Bb2 e6 11. h3 Bxf3 12. Nxf3 Re8 13. Bb5 Qb6 14. Bxc6 Qxc6 15. Qd2 Ne4 16. Qd1 Qd6 17. Re1 Rac8 18. Nd2 Nxd2 19. Qxd2 Rc6 20. Rec1 Rec8 21. Rxc6 Rxc6 22. Rc1 Bf8 23. Rxc6 Qxc6 24. Qa5 Qc2 25. Qc3 Qb1+ 26. Bc1 Ba3 27. Qc8+ Kg7 28. Qxb7 Qxc1+ 29. Kh2 Bd6+ 30. f4 Qxe3 31. g3 Qf2+ 32. Kh1 Qxg3 33. Qb5 Bxf4 34. Qe2 Qxh3+ 35. Kg1 Be3+ 36. Qxe3 Qxe3+ 0-1

[Event "Landsturneringen 2022 - Klasse 2"]
[Site "Kongsvinger, Innlandet NOR"]
[Date "2022.07.09"]
[Round "1"]
[White "Grimsrud, Øyvind"]
[Black "Furnes, Torstein"]
[Result "0-1"]
[WhiteElo "1643"]
[BlackElo "1750"]
[Annotator "Furnes, Torstein"]
[PlyCount "60"]
[EventDate "2022.07.08"]

1. g3 d5 2. c4 e6 3. Bg2 Nf6 4. Nf3 Be7 5. O-O O-O 6. d4 c5 7. Nc3 dxc4 8. Qa4
$6 $19 (8. dxc5) 8... cxd4 9. Rd1 Bd7 $1 10. Qxc4 ({Etter} 10. Rxd4 Bxa4 11.
Rxd8 Rxd8 12. Nxa4 Rd1+ 13. Bf1 Ne4 {har svart vunnet kvalitet og bonde.})
10... dxc3 11. Ne5 cxb2 12. Bxb2 Qb6 (12... Qc8 {er litt bedre.}) 13. Bd4 Bb5
$1 14. Qb3 ({Etter} 14. Bxb6 Bxc4 15. Bxb7 Bxe2 16. Rd2 axb6 17. Bxa8 Bb5 {har
svart løper+springer+bonde for tårn.}) 14... Qa6 15. Rdb1 Bc6 16. Bf1 $6 {
Løperen forlater den viktige a8-h1-diagonalen.} (16. Nxc6) 16... Bd5 17. Qb2
Qa3 18. Qd2 Nc6 19. Bb2 Qd6 20. f4 Qc5+ (20... Ne4) 21. e3 Rfd8 22. Rc1 Qd6 23.
Qe2 Ne4 24. Qh5 Nxe5 25. Bxe5 Qa3 26. Rc3 $2 Nxc3 27. g4 Ne4 ({Her var det en
taktisk mulighet i stillingen:} 27... Ne2+ $3 28. Kf2 (28. Bxe2 {er matt i 6
trekk} Qxe3+ 29. Kf1 Bg2+ 30. Kxg2 Qxe2+ 31. Kh1 Qf3+ 32. Kg1 Bc5+ 33. Bd4
Bxd4#) 28... Nxf4 $3 29. Bxf4 Qb2+ 30. Be2 Qxa1) 28. Bd4 Bf6 29. Bxf6 $2 {Nå
blir det matt i to trekk} Qxe3+ 30. Kh1 Ng3# 0-1

[Event "Landsturneringen 2022 - Klasse 2"]
[Site "Kongsvinger, Innlandet NOR"]
[Date "2022.07.10"]
[Round "2"]
[White "Furnes, Torstein"]
[Black "Arulmaran, Abishan"]
[Result "0-1"]
[WhiteElo "1750"]
[BlackElo "1655"]
[Annotator "Furnes, Torstein"]
[PlyCount "148"]
[EventDate "2022.07.08"]

1. d4 Nf6 2. c4 g6 3. Nc3 Bg7 4. e4 d6 5. Nf3 Nbd7 6. Be2 O-O 7. O-O e5 8. d5 (
8. Be3 {er bedre}) 8... Qe7 9. Bg5 h6 10. Be3 c5 11. Qc1 Kh7 12. a3 Ng8 13. b4
b6 14. Qb1 $2 Ndf6 (14... f5) 15. Bd3 Nxe4 16. Nxe4 f5 17. Ra2 fxe4 18. Bxe4
Bf5 19. b5 $6 Qf6 20. a4 a5 21. Ra3 Ne7 22. Nd2 Bd7 23. Nf3 Nf5 24. Bd2 (24. g3
) 24... Be8 (24... Nd4) 25. Qd3 ({Stockfish anbefaler motspill med} 25. g4 $1
Nh4 26. g5 Nxf3+ 27. Rxf3) 25... Kh8 (25... Bd7) 26. Rb3 (26. g4 $1) 26... Ne7
27. Ra3 (27. g4 $1) 27... g5 28. h3 Ng6 29. g3 Ne7 30. Kg2 (30. h4 {er bedre})
30... Bg6 31. Bxg6 Nxg6 32. Qe4 Rae8 33. Nh2 Ne7 34. Ng4 Qf5 35. f3 Qd7 36. Ne3
Ng8 37. Ng4 h5 38. Nf2 Bh6 39. Qg6 Qf5 {Her tenkte jeg lenge på om det var
best å slå d6-bonden eller h5-bonden.} 40. Qxh5 ({Men Stockfish har en tredje
løsning som førstevalg:} 40. Qxf5 Rxf5 41. Ne4 Rd8 42. g4 Rff8 43. Bxg5 $18)
40... e4 $6 41. fxe4 Rxe4 $2 42. Raa1 $4 {Spiller bort hele hvitfordelen på +9
...} ({Hvit vinner etter} 42. g4 {F.eks.} Qf6 43. Bxg5 $1 Rxg4+ 44. hxg4 Qxg5
45. Ne4) 42... Rxc4 43. Rad1 Qxd5+ 44. Kg1 Qf3 45. Qxf3 Rxf3 46. Kg2 Ra3 47.
Ra1 ({Her måtte jeg spilt} 47. Bc1) 47... Rcxa4 48. Rxa3 $6 Rxa3 49. Ne4 Ra2
50. Rf2 Kh7 51. Nxd6 g4 $1 52. Bxh6 $4 ({Hvit må prøve} 52. Nc4) 52... Rxf2+ $2
{Mister mesteparten av svartfordelen på -8} (52... gxh3+ {er vinsttrekket.})
53. Kxf2 Kxh6 {Stockfish vurderer nå stillingen som helt lik (0.00)} 54. hxg4
a4 55. Nc4 Nf6 56. Ke3 Nd5+ 57. Kd3 Kg5 58. Kc2 $4 $19 {Nå taper hvit.} (58.
Ne5 {var eneste trekk som ville holdt remis.}) 58... Kxg4 59. Kb2 Kxg3 60. Ka3
Kf4 61. Kxa4 Ke4 62. Kb3 Kd4 63. Na3 Ne3 64. Nb1 c4+ 65. Kb4 Nd5+ 66. Ka3 Kd3
67. Kb2 Nc7 68. Nc3 Kd2 69. Ne4+ Ke3 70. Nc3 Kd3 71. Na4 Nd5 72. Kc1 c3 73. Kd1
Nb4 74. Nxb6 c2+ 0-1